000 00752cam a2200265 i 4500
001 6939
003 BD-RjUL
005 20211208234337.0
008 140113s1978 caua 001 0 eng
020 _a0805395210
035 _a(BD-RjUL)6981
040 _aDLC
_cDLC
_dDLC
_dBD-RjUL
_beng
041 _aeng
082 0 0 _a510
_bWAB 1978
100 1 _aWashington, Allyn J.
_921762
245 1 0 _aBasic technical mathematics with calculus /
_cAllyn J. Washington.
250 _a3d ed.
260 _aMenlo Park, Calif. :
_bBenjamin/Cummings Pub. Co.,
_cc1978.
300 _axvi, 837, [128] p. :
_bill. ;
_c23 cm.
504 _aIncludes index.
650 0 _aMathematics.
_921763
942 _2ddc
_cBK
999 _c6939
_d6939